| 000 | 00921cam a22002653a 4500 | ||
|---|---|---|---|
| 001 | 12851 | ||
| 003 | PGUSA | ||
| 005 | 20140828083258.0 | ||
| 008 | 040708s2004||||xxu|||||s|||||000 | eng d | ||
| 040 |
_aPGUSA _beng |
||
| 042 | _adc | ||
| 050 | 4 | _aPZ | |
| 100 | 1 | _aDe Blumenthal, Kalamatiano | |
| 245 | 1 | 0 |
_aFolk Tales from the Russian _h[electronic resource] / _cKalamatiano De Blumenthal |
| 260 |
_bProject Gutenberg, _c2004 |
||
| 505 | 0 | _aThe Tsarevna frog -- Seven Simeons -- The Language of the birds -- Ivanoushka the Simpleton -- Woe Bogotir -- Baba Yaga -- Dimian the peasant -- The Golden mountain -- Father Frost. | |
| 506 | _aPublic domain in the USA. | ||
| 516 | _aElectronic text | ||
| 653 | _aFolklore -- Russia | ||
| 653 | _aTales -- Russia | ||
| 700 | 1 |
_aPerkins, Lucy Fitch, _d1865-1937 |
|
| 830 | 0 |
_aProject Gutenberg _v12851 |
|
| 856 | 4 | 0 | _uhttp://www.gutenberg.org/ebooks/12851 |
| 942 | _cEB | ||
| 999 |
_c242106 _d242106 |
||